00619nam a2200193Ia 4500008004100000020001400041082001500055100004000070245005000110250000700160260004500167300002700212500001900239600001500258650001500273942000700288952011500295999001500410240925s9999 xx 000 0 und d a135311128 a658.45 LAH aLahiff , James M; Penrose ,John M. 0aBusiness Communication: strategies and skills aNA aNew Jersey:bPrintice- Hall Int.c,1997. axi,255p.bNAfOriginal aIncludes Index aManagement aManagement cBK 001040708MANaUITUbUITUd2001-04-20eNAg200.00l0o658.45 LAHpQ3482r2024-09-25 07:13:10w2024-09-25yBK c5981d5981